00380 2200157 4500001002100000005001500021035002000036245003600056100002000092300002600112260002800138082000800166084001400174020002200188990001200210INLIS00000000000296920250917021728 a0010-09250003161 aPerahu Cinta /cNuniek Kharisma0 aNuniek Kharisma a228 hlm ;c13 x 19 cm aJakarta :bZettu,c2013 a813 a813 NUN p a978-602-7999-15-2 a0755664